<?xml version="1.0" encoding="UTF-8"?>
<collection xmlns="http://www.loc.gov/MARC21/slim">
 <record>
  <leader>03881ntm a22004937a 4500</leader>
  <controlfield tag="001">000219668</controlfield>
  <controlfield tag="003">CZ-PrVSE</controlfield>
  <controlfield tag="005">20120603103514.0</controlfield>
  <controlfield tag="006">m        d</controlfield>
  <controlfield tag="007">cr n||||||||||</controlfield>
  <controlfield tag="008">120603s2011    xr     fsbm   000 0 cze d</controlfield>
  <datafield tag="STA" ind1=" " ind2=" ">
   <subfield code="a">NEZPRACOVANÝ IMPORT</subfield>
  </datafield>
  <datafield tag="040" ind1=" " ind2=" ">
   <subfield code="a">ABA006</subfield>
   <subfield code="b">cze</subfield>
   <subfield code="c">ABA006</subfield>
   <subfield code="d">ABA006</subfield>
  </datafield>
  <datafield tag="100" ind1="1" ind2=" ">
   <subfield code="a">Suchá, Martina</subfield>
   <subfield code="%">ISIS:50937</subfield>
   <subfield code="4">dis</subfield>
  </datafield>
  <datafield tag="242" ind1="1" ind2="4">
   <subfield code="a">The economic viability of public health care in the Czech Republic specifically on obstetrics</subfield>
   <subfield code="y">eng</subfield>
  </datafield>
  <datafield tag="245" ind1="1" ind2="0">
   <subfield code="a">Ekonomická rentabilita veřejné zdravotní péče v ČR na příkladu porodnictví</subfield>
   <subfield code="h">[elektronický zdroj] /</subfield>
   <subfield code="c">Martina Suchá</subfield>
  </datafield>
  <datafield tag="260" ind1=" " ind2=" ">
   <subfield code="c">2011</subfield>
  </datafield>
  <datafield tag="300" ind1=" " ind2=" ">
   <subfield code="a">?? s. :</subfield>
   <subfield code="3">digital, PDF soubor</subfield>
  </datafield>
  <datafield tag="500" ind1=" " ind2=" ">
   <subfield code="a">Vedoucí práce: Miroslav Ševčík</subfield>
  </datafield>
  <datafield tag="502" ind1=" " ind2=" ">
   <subfield code="a">Diplomová práce (Ing.)—Vysoká škola ekonomická v Praze. Národohospodářská fakulta, 2012</subfield>
  </datafield>
  <datafield tag="504" ind1=" " ind2=" ">
   <subfield code="a">Obsahuje bibliografii</subfield>
  </datafield>
  <datafield tag="516" ind1=" " ind2=" ">
   <subfield code="a">Textový (vysokoškolská kvalifikační práce)</subfield>
  </datafield>
  <datafield tag="518" ind1=" " ind2=" ">
   <subfield code="a">Rok obhajoby 2012</subfield>
  </datafield>
  <datafield tag="520" ind1="3" ind2=" ">
   <subfield code="a">Cílem diplomové práce je analýza ekonomické rentability veřejné zdravotní péče v České republice na příkladu porodnictví. Teoretická část diplomové práce se zabývá definicí základních pojmů ve zdravotnictví, popisuje historii porodnictví a zdravotnictví a specifikuje rozdíly mezi klasickým trhem a trhem zdravotnickým. Dále je práce zaměřena na jednotlivé modely zdravotnických systémů a prozkoumává principy financování veřejného zdravotního systému a úhradové mechanismy zdravotní péče v České republice. V současném zdravotním systému jsou při široké garanci dostupnosti zdravotní péče zakomponovány liberální prvky silně decentralizovaného systému. Navzdory snahám o odstátnění a decentralizaci, poskytování zdravotní péče zůstává stále nejvýznamnější role státu. Ta vyplývá z Ústavy České republiky a její součásti, Listiny základních práv a svobod. Praktická část diplomové práce obsahuje provedení nákladové analýzy přímých a nepřímých nákladů na spontánní porod a porod císařským řezem ve zkoumaném zdravotnickém zařízení. Dlouhodobě je v České republice úroveň prenatální a neonatologické péče velmi vysoká. Úmrtnost kojenců je téměř minimální a naše země je řazena v tomto směru na jedno z předních míst v Evropě i ve světě. Tato část práce je zaměřena na porodnice, jejich počet v České republice a hranici počtu porodů, pod kterou by měly být porodnice uzavírány. V České republice se ročně z porodnice propustí do domácí péče zhruba 400 dětí s váhou pod jeden kilogram a v následné péči o novorozence jsou u nás velké rezervy. Proto se závěrečná část práce věnuje problematice nezralých novorozenců a péči o ně.</subfield>
  </datafield>
  <datafield tag="538" ind1=" " ind2=" ">
   <subfield code="a">Způsob přístupu: Internet</subfield>
  </datafield>
  <datafield tag="653" ind1="0" ind2=" ">
   <subfield code="a">hospodářská politika [obor dipl. práce]</subfield>
  </datafield>
  <datafield tag="655" ind1=" " ind2="7">
   <subfield code="a">diplomové práce</subfield>
   <subfield code="7">fd132022</subfield>
   <subfield code="2">czenas</subfield>
  </datafield>
  <datafield tag="655" ind1=" " ind2="9">
   <subfield code="a">master's theses</subfield>
   <subfield code="2">eczenas</subfield>
  </datafield>
  <datafield tag="690" ind1=" " ind2=" ">
   <subfield code="a">veřejná zdravotní péče</subfield>
  </datafield>
  <datafield tag="690" ind1=" " ind2=" ">
   <subfield code="a">nákladová analýza</subfield>
  </datafield>
  <datafield tag="690" ind1=" " ind2=" ">
   <subfield code="a">efektivnost zdravotních center</subfield>
  </datafield>
  <datafield tag="700" ind1="1" ind2=" ">
   <subfield code="a">Ševčík, Miroslav,</subfield>
   <subfield code="d">1958-</subfield>
   <subfield code="7">jn20000402818</subfield>
   <subfield code="4">ths</subfield>
  </datafield>
  <datafield tag="700" ind1="1" ind2=" ">
   <subfield code="a">Pařízek, Antonín,</subfield>
   <subfield code="d">1959-</subfield>
   <subfield code="7">mzk2005294935</subfield>
   <subfield code="4">opn</subfield>
  </datafield>
  <datafield tag="710" ind1="2" ind2=" ">
   <subfield code="a">Vysoká škola ekonomická v Praze.</subfield>
   <subfield code="b">Národohospodářská fakulta</subfield>
   <subfield code="7">kn20010709401</subfield>
  </datafield>
  <datafield tag="856" ind1="4" ind2="0">
   <subfield code="u">https://isis.vse.cz/zp/32322/podrobnosti</subfield>
   <subfield code="y">VŠKP v InSIS</subfield>
  </datafield>
  <datafield tag="856" ind1="4" ind2="0">
   <subfield code="u">https://aleph.vse.cz/neverejny_soubor_prace.pdf</subfield>
   <subfield code="y">Hlavní práce</subfield>
  </datafield>
  <datafield tag="856" ind1="4" ind2="0">
   <subfield code="u">https://isis.vse.cz/zp/32322/posudek/vedouci</subfield>
   <subfield code="y">Hodnocení vedoucího</subfield>
  </datafield>
  <datafield tag="856" ind1="4" ind2="0">
   <subfield code="u">https://isis.vse.cz/zp/32322/posudek/oponent/24750</subfield>
   <subfield code="y">Oponentura</subfield>
  </datafield>
  <datafield tag="999" ind1="4" ind2="0">
   <subfield code="u">http://isis.vse.cz/zp/105423/podrobnosti</subfield>
   <subfield code="y">dc:identifier</subfield>
  </datafield>
  <datafield tag="993" ind1=" " ind2=" ">
   <subfield code="x">NEPOSILAT</subfield>
   <subfield code="y">VSKP</subfield>
  </datafield>
  <datafield tag="999" ind1="4" ind2="5">
   <subfield code="x">105423</subfield>
  </datafield>
  <datafield tag="999" ind1="4" ind2="9">
   <subfield code="a">vse32322</subfield>
   <subfield code="b">120602</subfield>
  </datafield>
 </record>
</collection>
